000 00734nam a2200241Ia 4500
003 OSt
005 20220926011934.0
006 a|||||r|||| 00| 0
007 ta
008 220923b |||||||| |||| 00| 0 eng d
037 _cGeneral Book
040 _aRTL
_cRTL
_beng
041 _2eng
_aeng
082 _aX:81, K1
100 _aLohmann M. R.
_9315249
245 0 _aTop management committees
_b Their functions and au
260 _aNew York
_bAmerican Management Association U. S. A.
_c1961
300 _a63p. Appendix p.51-63
_ccm.
500 _aAmerican Management Association, Research Study, 48.
650 _aTop Management
942 _hX:81, K1
_cGB
_2CC
999 _c621298
_d621298